Fish of the Columbia River Basin - Statistics

General Stats
  • This quiz has been taken 27 times
  • The average score is 22 of 55
Answer Stats
Answer % Correct
Steelhead/ Rainbow Trout
80%
Channel Catfish (introduced)
75%
Smallmouth Bass (introduced)
75%
Northern Pike (introduced)
70%
Western Brook Lamprey
70%
Brook Trout (introduced)
65%
Chinook Salmon
65%
Coho Salmon
65%
Common Carp (introduced)
65%
Largemouth Bass (introduced)
65%
Bluegill (introduced)
60%
Brown Trout (introduced)
60%
White Sturgeon
60%
Pacific Lamprey
55%
Bridgelip Sucker
50%
Largemouth Sucker
50%
Longnose Sucker
50%
Mountain Sucker
50%
Pumpkinseed (introduced)
50%
Sockeye Salmon
50%
various species of dace and chub
50%
Yellow Perch (introduced)
50%
Cutthroat Trout
45%
Redside Shiner
45%
Walleye (introduced)
45%
Black Bullhead (introduced)
40%
Brown Bullhead (introduced)
40%
Margined Sculpin
40%
Mottled Sculpin
40%
Paiute Sculpin
40%
Prickly Sculpin
40%
Torrent Sculpin
40%
Various other sculpins
40%
Yellow Bullhead (introduced)
40%
Black Crappie (introduced)
35%
Bull Trout
35%
White Crappie (introduced)
35%
Goldfish (introduced)
30%
Lake Trout (introduced)
30%
Lake Whitefish (introduced)
30%
Mountain Whitefish
30%
Northern Pikeminnow
30%
Grass Pickerel (introduced)
25%
American Shad (introduced)
20%
Threespine Stickleback
20%
Tadpole Madtom
15%
Burbot
10%
Chiselmouth
10%
Western Mosquitofish (introduced)
10%
Fathead Minnow (introduced)
5%
Peamouth
5%
Sand roller
5%
Tench (introduced)
5%
Banded Killifish (introduced)
0%
Grass Carp (introduced)
0%
No matching quizzes found
Score Distribution
Percent of People with Each Score
Percentile by Number Answered
Your Score History
You have not taken this quiz